| 000 | 00929cam a22002774a 4500 | ||
|---|---|---|---|
| 001 | 13692973 | ||
| 005 | 20250207171644.0 | ||
| 008 | 040818s2005 nyua b 001 0 eng | ||
| 020 | _a9780198528630 | ||
| 050 | 0 | 0 |
_aRC454 _b.G38 2005 |
| 082 | 0 | 0 |
_a616.89 _222 |
| 100 | 1 | _aGelder, Michael | |
| 245 | 1 | 0 |
_aPsychiatry / _cMichael Gelder, Richard Mayou, John Geddes. |
| 250 | _a3rd ed. | ||
| 260 |
_aNew York : _bOxford University Press, _cc2005,2006 |
||
| 300 |
_a333 p. : _bill. ; _c25 cm. |
||
| 440 | 0 | _aOxford medical publications | |
| 440 | 0 | _aOxford core texts | |
| 650 | 0 | _aPsychiatry. | |
| 650 | 1 | 2 | _aMental Disorders. |
| 700 | 1 | _aMayou, Richard. | |
| 700 | 1 |
_aGeddes, John _q(John R.) |
|
| 856 | 4 | 1 |
_3Table of contents only _uhttp://www.loc.gov/catdir/toc/ecip0422/2004019758.html |
| 856 | 4 | 2 |
_3Publisher description _uhttp://www.loc.gov/catdir/enhancements/fy0635/2004019758-d.html |
| 942 |
_2lcc _cBK _e3rd ed. _n0 |
||
| 999 |
_c3566 _d3566 |
||